| 000 | 006290000a22001570004500 | ||
|---|---|---|---|
| 008 | 100903t xxu||||| |||| 00| 0 eng d | ||
| 082 | _a26880 | ||
| 090 |
_c26880 _d26880 |
||
| 100 |
_aTwikirize, Gad _946692 |
||
| 245 |
_aRe-examining public procurement: constraints and opportunities for effective procurement practices : _ban investigational study of Producing Entities in Kampala district / _cTwikirize Gad |
||
| 260 |
_aNkozi : _bUganda Martyrs University, _c2002 |
||
| 300 |
_avii, 49 p. ; _c30 cm. |
||
| 500 | _aMaster of Business Administration and Mangement | ||
| 650 |
_aProcurement _911400 |
||
| 942 |
_cMASTER DIS _2ddc |
||
| 999 |
_c26880 _d26880 |
||